[Event "Tournoi Skype 025A"]
[Site "Skype"]
[Date "????.??.??"]
[Round "2.31"]
[White "Gharbi, Said"]
[Black "Aceituno, Stebe"]
[Result "0-1"]
[WhiteElo "1607"]
[BlackElo "1513"]
[PlyCount "96"]

1. e4 c5 2. Nf3 Nc6 3. c3 g6 4. Bb5 Qc7 5. d4 cxd4 6. Bxc6 Qxc6 7. Qxd4 Nf6 8.
e5 Qe4+ 9. Be3 Qxd4 10. cxd4 Nd5 11. Bg5 Bg7 12. Nc3 e6 13. Nxd5 exd5 14. O-O
O-O 15. Rac1 b6 16. Be7 Re8 17. Bd6 Ba6 18. Rfe1 Rac8 19. Nd2 Rc6 20. Nb3 Bc4
21. Rc3 Rec8 22. Bb4 a5 23. Ba3 a4 24. Nc1 Bh6 25. b3 axb3 26. axb3 Bb5 27.
Rxc6 Rxc6 28. Na2 Bd2 29. Ra1 Rc2 30. Bb4 Rxa2 31. Rxa2 Bxb4 32. Ra8+ Kg7 33.
Rb8 Ba5 34. g4 Bc6 35. h4 b5 36. f4 Bc3 37. g5 Bxd4+ 38. Kg2 Be3 39. Kf3 d4+
40. Kg4 h5+ 41. gxh6+ Kxh6 42. h5 gxh5+ 43. Kf5 Kg7 44. Kg5 d3 45. Kxh5 Bxf4
46. Kg4 Bxe5 47. Re8 d6 48. Rc8 Bd7+ 0-1

[Event "Tournoi Skype 025A"]
[Site "Skype"]
[Date "????.??.??"]
[Round "2.32"]
[White "Ram, Madhukesh"]
[Black "Thoune, Jim"]
[Result "1/2-1/2"]
[WhiteElo "1475"]
[BlackElo "1600"]
[PlyCount "57"]

1. e4 c6 2. d4 d5 3. Nc3 dxe4 4. Nxe4 Bf5 5. Ng3 Bg6 6. Nf3 Nd7 7. Bc4 Ngf6 8.
Bf4 e6 9. Ne5 Nxe5 10. Bxe5 Be7 11. c3 O-O 12. h4 h6 13. h5 Bh7 14. Bd3 Qd5 15.
Bxf6 Bxf6 16. Bxh7+ Kxh7 17. O-O Rad8 18. Qe2 Be7 19. Ne4 b6 20. Qc2 f5 21. Ng3
Qd7 22. f4 c5 23. Ne2 cxd4 24. Nxd4 Rc8 25. Rad1 Bc5 26. Qe2 a5 27. Kh1 Bxd4
28. Rxd4 Qe7 29. g3 1/2-1/2

[Event "Tournoi Skype 025A"]
[Site "Skype"]
[Date "????.??.??"]
[Round "2.33"]
[White "Khunte, Aniruddha"]
[Black "Grib, Johannes"]
[Result "1-0"]
[WhiteElo "1598"]
[BlackElo "1500"]
[PlyCount "53"]

1. e4 c5 2. c3 e6 3. d4 cxd4 4. cxd4 a6 5. Nf3 b5 6. d5 Qc7 7. dxe6 dxe6 8. a4
Bb4+ 9. Bd2 Qa5 10. Nc3 Bb7 11. axb5 Qb6 12. bxa6 Bc6 13. Be2 Nxa6 14. O-O Nc5
15. Rxa8+ Bxa8 16. Ne5 Nf6 17. Bb5+ Ncd7 18. Nxd7 Nxd7 19. Bxd7+ Kxd7 20. Be3+
Qd6 21. Qa4+ Ke7 22. Qa7+ Kf6 23. e5+ Kxe5 24. f4+ Kf5 25. Qxf7+ Kg4 26. Qxg7+
Kf5 27. Qg5# 1-0

[Event "Tournoi Skype 025A"]
[Site "Skype"]
[Date "????.??.??"]
[Round "2.34"]
[White "Khabou, Taha"]
[Black "Alvarez, Juan Evangelista"]
[Result "1-0"]
[WhiteElo "1394"]
[BlackElo "1591"]
[PlyCount "113"]

1. d4 d5 2. c4 dxc4 3. Qa4+ Nc6 4. Qxc4 Qxd4 5. e3 Qxc4 6. Bxc4 Nb4 7. Bb3 Bf5
8. Nf3 Nc2+ 9. Bxc2 Bxc2 10. O-O O-O-O 11. Nc3 h5 12. e4 f6 13. Be3 e5 14. Rac1
Bd3 15. Rfe1 Bb4 16. a3 Bxc3 17. Rxc3 Bxe4 18. Bxa7 Ne7 19. Rxe4 Nd5 20. Rc1 b6
21. h3 Kb7 22. Bxb6 Kxb6 23. Rec4 g5 24. Rc6+ Kb7 25. Nd2 Rh7 26. Ne4 Nf4 27.
Kh2 Ne2 28. R1c5 Nd4 29. Rxf6 g4 30. Rxe5 gxh3 31. Kxh3 h4 32. Nc5+ Ka7 33.
Ra6+ Kb8 34. Na4 Rf8 35. Rea5 Rf5 36. Ra8+ Kb7 37. R5a7+ Kc6 38. Ra6+ Kd7 39.
Ra5 Rxf2 40. Rd5+ Ke6 41. Rxd4 Ke5 42. Rd1 Rg7 43. Re8+ Kf6 44. Rf8+ Rf7 45.
Rxf7+ Kxf7 46. Rd7+ Ke6 47. Rxc7 Rf4 48. Nc3 Kd6 49. Rb7 Kc5 50. a4 Rb4 51.
Rxb4 Kxb4 52. Kxh4 Kb3 53. a5 Kxb2 54. Nd5 Kb3 55. a6 Kc4 56. a7 Kxd5 57. a8=Q+
1-0

[Event "Tournoi Skype 025A"]
[Site "Skype"]
[Date "????.??.??"]
[Round "2.35"]
[White "Casey, Eamonn"]
[Black "Bhandari, Dattatrey"]
[Result "1-0"]
[WhiteElo "1581"]
[BlackElo "1450"]
[PlyCount "81"]

1. d4 d5 2. c4 c6 3. cxd5 cxd5 4. Nc3 e6 5. a3 a6 6. Nf3 Nc6 7. Bf4 Be7 8. e3
Nf6 9. h3 Bd7 10. Bd3 O-O 11. O-O b6 12. Rc1 Rc8 13. Bxa6 Ra8 14. Bd3 Na5 15.
Ne5 Bd6 16. Nxf7 Kxf7 17. Bxd6 Re8 18. Bb5 Nc4 19. Bxd7 Qxd7 20. Be5 Nxb2 21.
Qc2 Nc4 22. Bxf6 Kxf6 23. Qxh7 Rac8 24. Qh4+ Kf7 25. a4 Rh8 26. Qf4+ Kg8 27.
Rfe1 Rf8 28. Qg3 Rh5 29. e4 Qe7 30. exd5 Rg5 31. Qd3 Nb2 32. Qe2 Nc4 33. Qxe6+
Qxe6 34. dxe6 Nb2 35. e7 Re8 36. Rb1 Nd3 37. Re3 Nf4 38. Rg3 Rxg3 39. fxg3 Ne6
40. d5 Rc8 41. dxe6 1-0

[Event "Tournoi Skype 025A"]
[Site "Skype"]
[Date "????.??.??"]
[Round "2.36"]
[White "Yardimci, Ertan"]
[Black "Bankhede, Shivkumar"]
[Result "1/2-1/2"]
[WhiteElo "1577"]
[BlackElo "1287"]
[PlyCount "39"]

1. e4 e5 2. Nf3 Nc6 3. Bb5 Nd4 4. Nxd4 exd4 5. c3 c6 6. Ba4 d3 7. Qf3 Qa5 8.
Bb3 Nf6 9. Qxd3 Qe5 10. O-O Bc5 11. Qf3 Qxe4 12. Qxe4+ Nxe4 13. d4 Be7 14. Re1
d5 15. Bc2 O-O 16. Nd2 Nxd2 17. Bxd2 Bd6 18. Bg5 Be6 19. Re2 h6 20. Be3 1/2-1/2

[Event "Tournoi Skype 025A"]
[Site "Skype"]
[Date "????.??.??"]
[Round "3.1"]
[White "Sojka, Bernard"]
[Black "Martinez Quintero, Javier"]
[Result "1-0"]
[WhiteElo "2088"]
[BlackElo "1821"]
[PlyCount "43"]

1. g4 d5 2. Bg2 c6 3. h3 e5 4. e3 Bd6 5. d3 Be6 6. Nf3 Ne7 7. Nc3 Nd7 8. e4 d4
9. Ne2 h6 10. c3 dxc3 11. bxc3 Nc5 12. O-O Qd7 13. Ng3 g6 14. d4 exd4 15. Qxd4
O-O-O 16. e5 Bc7 17. Qxc5 Bb6 18. Qa3 h5 19. Bg5 Rde8 20. Rad1 Qc7 21. gxh5
gxh5 22. Ne4 1-0

[Event "Tournoi Skype 025A"]
[Site "Skype"]
[Date "????.??.??"]
[Round "3.3"]
[White "Prasath, Malola"]
[Black "Vello, Pablo"]
[Result "1-0"]
[WhiteElo "2042"]
[BlackElo "1607"]
[PlyCount "55"]

1. e4 e6 2. d4 d5 3. Qd3 Nf6 4. e5 Nfd7 5. a3 c5 6. c3 Nc6 7. b4 c4 8. Qh3 f5
9. g4 fxg4 10. Qxg4 Qe7 11. Bh3 Nb6 12. Ne2 Qf7 13. Nf4 h5 14. Qg6 Qxg6 15.
Nxg6 Rg8 16. Nd2 Kf7 17. Rg1 Bd7 18. Nf3 Be7 19. a4 a5 20. b5 Na7 21. Bf1 Nac8
22. Be2 Bd8 23. Bd1 Ne7 24. Nfh4 Nxg6 25. Nxg6 h4 26. Ba3 Nc8 27. Bh5 Ne7 28.
Rg4 1-0

[Event "Tournoi Skype 025A"]
[Site "Skype"]
[Date "????.??.??"]
[Round "3.4"]
[White "Altinok, Selim"]
[Black "Ibarra Cantu, Raul Alberto"]
[Result "1-0"]
[WhiteElo "1833"]
[BlackElo "1972"]
[PlyCount "95"]

1. d4 Nf6 2. Bf4 g6 3. e3 Bg7 4. c4 O-O 5. Nc3 d6 6. h3 Nbd7 7. Nf3 Nh5 8. Bh2
f5 9. Be2 Ndf6 10. O-O Bh6 11. Qd2 Kh8 12. Rac1 g5 13. d5 e5 14. dxe6 Bxe6 15.
Nd4 Bd7 16. Qc2 Ng7 17. Bd3 Qc8 18. Nd5 Rf7 19. Nxf6 Rxf6 20. c5 f4 21. exf4
gxf4 22. cxd6 f3 23. Nxf3 Rxf3 24. gxf3 Bxh3 25. dxc7 Bxc1 26. Rxc1 Qe6 27. Qc4
Qe7 28. Qf4 Re8 29. Bg3 h5 30. Bh4 Qe6 31. Bf6 Kg8 32. Qg5 Qd7 33. Bc4+ Kf8 34.
Qxg7+ Qxg7+ 35. Bxg7+ Kxg7 36. Bd5 Bc8 37. Kh2 h4 38. Rc2 Re7 39. Be4 Kf6 40.
b4 Rg7 41. Rc5 Ke7 42. Bf5 Bxf5 43. Rxf5 Kd6 44. c8=Q h3 45. Qc5+ Ke6 46. Qe5+
Kd7 47. Qxg7+ Kc6 48. Qg6+ 1-0

[Event "Tournoi Skype 025A"]
[Site "Skype"]
[Date "????.??.??"]
[Round "3.5"]
[White "Pena, Eduin"]
[Black "Altinok, Kerim"]
[Result "1-0"]
[WhiteElo "1811"]
[BlackElo "1865"]
[PlyCount "79"]

1. d4 d5 2. Nf3 Nf6 3. e3 Bg4 4. Bd3 e6 5. Nbd2 Bd6 6. O-O O-O 7. b3 Nbd7 8. h3
Bh5 9. g4 Bg6 10. Bxg6 hxg6 11. Bb2 Qe7 12. Ne5 Ba3 13. Bxa3 Qxa3 14. g5 Nxe5
15. gxf6 Nd7 16. fxg7 Kxg7 17. f4 Rh8 18. Rf3 Rh5 19. Rg3 Rah8 20. Kg2 Nf6 21.
c4 Qe7 22. c5 R8h7 23. Qe2 Qd8 24. Qb5 Qc8 25. a4 Kf8 26. c6 b6 27. a5 Ne4 28.
Nxe4 dxe4 29. Qb4+ Kg8 30. axb6 axb6 31. Ra7 e5 32. Qa3 Qxh3+ 33. Rxh3 Rxh3 34.
Ra8+ Kg7 35. Qf8+ Kf6 36. fxe5+ Kg5 37. Qe7+ Kg4 38. Qd7+ Kg5 39. Qxh3 Rxh3 40.
Kxh3 1-0

[Event "Tournoi Skype 025A"]
[Site "Skype"]
[Date "????.??.??"]
[Round "3.6"]
[White "Deville, Olivier"]
[Black "Navghane, Rahul"]
[Result "1-0"]
[WhiteElo "1850"]
[BlackElo "1480"]
[PlyCount "23"]

1. d4 e5 2. dxe5 Nc6 3. Nf3 Bc5 4. Nc3 Nge7 5. Bf4 O-O 6. e3 Ng6 7. Bd3 Nxf4 8.
exf4 Re8 9. Bxh7+ Kxh7 10. Ng5+ Kg8 11. Qh5 Qe7 12. Qh7+ 1-0

[Event "Tournoi Skype 025A"]
[Site "Skype"]
[Date "????.??.??"]
[Round "3.7"]
[White "Grosso, Raul"]
[Black "Carballo, Jorge"]
[Result "1-0"]
[WhiteElo "1847"]
[BlackElo "1426"]
[PlyCount "103"]

1. Nf3 Nf6 2. g3 d5 3. b3 c5 4. Bg2 Nc6 5. Bb2 e6 6. O-O Bd6 7. d4 cxd4 8. Nxd4
Nxd4 9. Bxd4 O-O 10. c4 e5 11. Bb2 dxc4 12. bxc4 Rb8 13. Nc3 Bc7 14. Nb5 a6 15.
Qxd8 Bxd8 16. Bxe5 Ra8 17. Nd6 Bc7 18. Bxf6 Bxd6 19. Bd4 Rd8 20. e3 Rb8 21. Bb6
Rd7 22. Rfd1 Be5 23. Rxd7 Bxd7 24. Rd1 Bc6 25. Bxc6 bxc6 26. c5 g6 27. Rd7 Ra8
28. f4 Bc3 29. Kf2 Kg7 30. Ke2 Kf6 31. Rd6+ Ke7 32. Rxc6 Kd7 33. Rd6+ Ke7 34.
Kd3 Bb4 35. Kc4 Be1 36. e4 Bf2 37. Kd5 Bg1 38. h3 f5 39. exf5 gxf5 40. Rh6 Rh8
41. Ke5 Bf2 42. g4 fxg4 43. hxg4 Kf7 44. Ba7 Kg7 45. g5 Ra8 46. Bb6 Rc8 47. Kd6
Rf8 48. Rf6 Rxf6+ 49. gxf6+ Kxf6 50. Bd8+ Kf5 51. c6 Bg3 52. Bg5 1-0

[Event "Tournoi Skype 025A"]
[Site "Skype"]
[Date "????.??.??"]
[Round "3.8"]
[White "Segura Lozano, Marcos Antonio"]
[Black "Siret, Bernard"]
[Result "0-1"]
[WhiteElo "1828"]
[BlackElo "2073"]
[PlyCount "72"]

1. d4 c5 2. d5 f5 3. c4 Nf6 4. Nc3 e5 5. dxe6 d6 6. Bg5 Bxe6 7. Nf3 Nc6 8. e3
Be7 9. Be2 Kf7 10. O-O h6 11. Bxf6 Bxf6 12. Nd5 g5 13. Nxf6 Kxf6 14. Qd2 Qe7
15. Rfd1 Rad8 16. Qc3+ Kg6 17. Rd2 h5 18. Rad1 Rhf8 19. a3 h4 20. Qc2 Kh6 21.
e4 f4 22. Ne1 h3 23. Bf1 hxg2 24. Bxg2 g4 25. f3 Ne5 26. b3 Rg8 27. Kf1 g3 28.
h3 Nc6 29. Qc1 Kg6 30. Nc2 Rh8 31. Ke2 a5 32. Rh1 a4 33. Ne1 axb3 34. Qc3 Qg7
35. Qxb3 Nd4+ 36. Rxd4 Qxd4 0-1

[Event "Tournoi Skype 025A"]
[Site "Skype"]
[Date "????.??.??"]
[Round "3.9"]
[White "Karia, Vijay"]
[Black "Diaz, Jose Garcia"]
[Result "1/2-1/2"]
[WhiteElo "1803"]
[BlackElo "1880"]
[PlyCount "40"]

1. e4 c5 2. Nc3 e6 3. Nge2 d5 4. exd5 exd5 5. d4 cxd4 6. Qxd4 Nf6 7. Bg5 Be7 8.
Bxf6 Bxf6 9. Qxd5 Qxd5 10. Nxd5 Bxb2 11. Nc7+ Kd7 12. Rb1 Kxc7 13. Rxb2 Re8 14.
c3 Nc6 15. g3 Bg4 16. Bg2 Ne5 17. O-O Rab8 18. Nd4 a6 19. Re1 b6 20. h3 Bd7
1/2-1/2

[Event "Tournoi Skype 025A"]
[Site "Skype"]
[Date "????.??.??"]
[Round "3.10"]
[White "Rico Hernandez, Edgar"]
[Black "Montalvo, Mario"]
[Result "1/2-1/2"]
[WhiteElo "1871"]
[BlackElo "1488"]
[PlyCount "93"]

1. d4 Nf6 2. c4 e6 3. Nc3 Bb4 4. Qc2 O-O 5. a3 Bxc3+ 6. Qxc3 b6 7. Nf3 Bb7 8.
e3 d5 9. b4 Nbd7 10. Bb2 Rc8 11. Be2 c5 12. dxc5 bxc5 13. b5 Nb6 14. O-O Na4
15. Qc2 Nxb2 16. Qxb2 dxc4 17. Bxc4 Bxf3 18. gxf3 Nd5 19. Qe5 Qf6 20. Qg3 Nb6
21. Be2 Rfd8 22. f4 Rd2 23. Bf3 Na4 24. Qh3 c4 25. Be4 g6 26. Rfc1 Nc3 27. Bf3
Nxb5 28. Qf1 Nc3 29. Qe1 Rcd8 30. a4 Na2 31. Rxc4 Rb2 32. Rd1 Qh4 33. Rxd8+
Qxd8 34. Rd4 Qb8 35. Kg2 Rb4 36. Qd2 Rxd4 37. Qxd4 Nb4 38. Qc3 Qb6 39. Qc4 Qa5
40. Qb5 Qxb5 41. axb5 Kg7 42. Kf1 Kf6 43. Ke2 Ke7 44. Kd2 Kd6 45. Kc3 Kc5 46.
Be2 Nd5+ 47. Kb3 1/2-1/2

[Event "Tournoi Skype 025A"]
[Site "Skype"]
[Date "????.??.??"]
[Round "3.11"]
[White "Engstrom, Olle"]
[Black "Lovell, Stan"]
[Result "1-0"]
[WhiteElo "1649"]
[BlackElo "1672"]
[PlyCount "117"]

1. e4 d6 2. d4 Nf6 3. Nc3 Nbd7 4. Nf3 e5 5. Be2 Be7 6. O-O c6 7. a4 Qc7 8. h3
h6 9. Be3 a5 10. Qd2 g5 11. Nh2 Nf8 12. Ng4 Ne6 13. Rfd1 h5 14. Nxf6+ Bxf6 15.
dxe5 dxe5 16. Qd6 Qxd6 17. Rxd6 Ke7 18. Rd2 Nd4 19. Bd1 Be6 20. Ne2 Rad8 21.
Ng3 h4 22. Nf1 Bc4 23. Nh2 Ne6 24. b3 Ba6 25. Rxd8 Rxd8 26. Bb6 Rd7 27. Bxa5
Nf4 28. Ng4 Be2 29. Bxe2 Nxe2+ 30. Kf1 Nd4 31. Ne3 Ke6 32. Ke1 Bg7 33. Rd1 Bf8
34. Bc3 c5 35. Nf5 Nxc2+ 36. Ke2 Rxd1 37. Kxd1 Nd4 38. Nxd4+ cxd4 39. Bd2 f6
40. Kc2 Kd7 41. Kd3 Kc6 42. Kc4 Bc5 43. b4 Bd6 44. b5+ Kc7 45. Kd5 Kd7 46. a5
Bc7 47. Bb4 d3 48. Kc4 Bd6 49. Bc3 Bb8 50. Kxd3 Ba7 51. b6 Bb8 52. Bb4 Bd6 53.
Kc4 Bxb4 54. Kxb4 Kc6 55. Kc4 Kd6 56. Kb5 Kd7 57. a6 bxa6+ 58. Kxa6 Kc8 59. Ka7
1-0

[Event "Tournoi Skype 025A"]
[Site "Skype"]
[Date "????.??.??"]
[Round "3.13"]
[White "Ricieri, Vinicius"]
[Black "Bautista, Leidy"]
[Result "1/2-1/2"]
[WhiteElo "1921"]
[BlackElo "1624"]
[PlyCount "77"]

1. e4 c5 2. Nf3 d6 3. Nc3 Nf6 4. g3 Nc6 5. Bg2 e6 6. O-O Be7 7. d4 cxd4 8. Nxd4
Qc7 9. Re1 e5 10. Ndb5 Qd8 11. a4 Be6 12. Bg5 a6 13. Na3 O-O 14. Bxf6 Bxf6 15.
Nd5 Bxd5 16. Qxd5 Qc7 17. c3 Rfd8 18. Nc2 Rac8 19. Ne3 Ne7 20. Qd3 Bg5 21. Rad1
Bxe3 22. Qxe3 Qc6 23. Ra1 Qc5 24. Qxc5 dxc5 25. Red1 Nc6 26. Bf3 Kf8 27. Rxd8+
Rxd8 28. Rd1 Ke7 29. Rxd8 Kxd8 30. Kg2 b5 31. axb5 axb5 32. Be2 b4 33. Bc4 bxc3
34. bxc3 f6 35. Kf3 Kc7 36. Ke3 Kd6 37. h4 Na5 38. Bg8 h6 39. Kd3 1/2-1/2

[Event "Tournoi Skype 025A"]
[Site "Skype"]
[Date "????.??.??"]
[Round "3.14"]
[White "Alvarez, Rafael Andres"]
[Black "Mayor Martinez, Juan Jose"]
[Result "0-1"]
[WhiteElo "1613"]
[BlackElo "1850"]
[PlyCount "134"]

1. d4 Nf6 2. Bf4 Ne4 3. e3 d5 4. h3 c6 5. Nd2 Nxd2 6. Qxd2 Nd7 7. Nf3 e6 8. Bd3
h6 9. O-O-O a6 10. g4 Be7 11. h4 b6 12. g5 h5 13. Rdg1 c5 14. g6 f6 15. dxc5
bxc5 16. c3 e5 17. Bh2 e4 18. Bxe4 dxe4 19. Qd5 Nb6 20. Qf7+ Kd7 21. Rd1+ Kc6
22. Ne5+ fxe5 23. Rxd8 Bxd8 24. Rd1 Bf6 25. Qb3 Bg4 26. Rd2 Rhe8 27. a4 Be6 28.
Qc2 Bf5 29. a5 Nd7 30. Qa4+ Kc7 31. Qc4 Reb8 32. Qd5 Ra7 33. f4 exf3 34. Qxf3
Bxg6 35. Qd5 Bf5 36. Bg3 Rbb7 37. Qd6+ Kc8 38. Qd5 Rb5 39. Qc6+ Kd8 40. e4 Bg4
41. Qd6 Ke8 42. Qc6 Rxa5 43. Bf2 Rb5 44. Rd5 Rb6 45. Qa4 Ke7 46. Qa3 Rc7 47.
Bxc5+ Nxc5 48. Rxc5 Rxc5 49. Qxc5+ Rd6 50. Qc7+ Bd7 51. b4 Bxh4 52. Qc4 Bg5+
53. Kb2 h4 54. Qf1 Bf6 55. Qf2 h3 56. Qg3 Rd2+ 57. Kc1 Rg2 58. Qf3 Rg1+ 59. Kb2
h2 60. Qe3 h1=Q 61. Qc5+ Kf7 62. Qc4+ Be6 63. Qc7+ Kg6 64. c4 Rb1+ 65. Kc3 Qc1+
66. Kd3 Rb3+ 67. Ke2 Qc2+ 0-1

[Event "Tournoi Skype 025A"]
[Site "Skype"]
[Date "????.??.??"]
[Round "3.15"]
[White "Ortega, Elvis"]
[Black "Rejon, Jose Hector"]
[Result "1-0"]
[WhiteElo "1838"]
[BlackElo "1600"]
[PlyCount "56"]

1. e4 e5 2. Nf3 Nc6 3. Bb5 a6 4. Ba4 b5 5. Bb3 Nf6 6. d3 Bc5 7. c3 O-O 8. O-O
d6 9. h3 Bd7 10. Re1 Qc8 11. d4 exd4 12. cxd4 Bb4 13. Nc3 Bxh3 14. gxh3 Qxh3
15. Bf4 h6 16. a4 Nh5 17. Bh2 Na5 18. Ba2 Qg4+ 19. Kh1 Qh3 20. Ng1 Qh4 21. Qf3
Nc4 22. axb5 axb5 23. Bxc4 bxc4 24. Nge2 Rae8 25. Rg1 Nf6 26. Rg3 Nxe4 27. Nxe4
Qxe4 28. Qxe4 Rxe4 1-0

[Event "Tournoi Skype 025A"]
[Site "Skype"]
[Date "????.??.??"]
[Round "3.17"]
[White "Sauvaget, Joel"]
[Black "Dal, Ibrahim"]
[Result "0-1"]
[WhiteElo "1608"]
[BlackElo "1803"]
[PlyCount "84"]

1. d4 c6 2. c4 d5 3. Nc3 e6 4. e3 Nf6 5. Nf3 Nbd7 6. Be2 a6 7. O-O dxc4 8. Bxc4
b5 9. Bd3 Bb7 10. a3 c5 11. Be2 Rc8 12. Bd2 Be7 13. Na2 O-O 14. dxc5 Nxc5 15.
Bc3 Nce4 16. Bd4 Bd5 17. Nc3 Nxc3 18. Bxc3 Ne4 19. Bd4 Qc7 20. Rc1 Qb7 21. b4
Rxc1 22. Qxc1 Rc8 23. Qa1 Bf6 24. Bxf6 Nxf6 25. Rc1 Ne4 26. Rxc8+ Qxc8 27. Qb2
Qc3 28. Qxc3 Nxc3 29. Bd3 f6 30. Nd2 e5 31. e4 Bb7 32. f3 Kf7 33. Kf2 Na4 34.
Nb3 Ke7 35. Ke3 Kd6 36. Bc2 Bc8 37. Kd3 Nb6 38. Nc5 a5 39. Kc3 Nc4 40. a4 axb4+
41. Kxb4 Ne3 42. Bb3 bxa4 0-1

[Event "Tournoi Skype 025A"]
[Site "Skype"]
[Date "????.??.??"]
[Round "3.19"]
[White "Saponara, Jose Maria"]
[Black "Perrone, Gabriel Lorenzo"]
[Result "1-0"]
[WhiteElo "1774"]
[BlackElo "1544"]
[PlyCount "55"]

1. e4 c5 2. Nc3 d6 3. f4 Nc6 4. Nf3 Bg4 5. Be2 e6 6. h3 Bh5 7. g4 Bg6 8. f5
exf5 9. exf5 Bxf5 10. gxf5 Nf6 11. d4 cxd4 12. Nxd4 a6 13. Bf3 Rc8 14. Bg5 Be7
15. Nxc6 bxc6 16. Qe2 Qc7 17. Bxf6 gxf6 18. Rg1 Qb6 19. O-O-O d5 20. Bxd5 cxd5
21. Nxd5 Qd6 22. Rge1 Kf8 23. Qxe7+ Qxe7 24. Nxe7 Re8 25. Nd5 Re5 26. Nxf6 Rxf5
27. Rd8+ Kg7 28. Rg1+ 1-0

[Event "Tournoi Skype 025A"]
[Site "Skype"]
[Date "????.??.??"]
[Round "3.20"]
[White "Le Brun, Yves"]
[Black "Calcino, Luis"]
[Result "1/2-1/2"]
[WhiteElo "1546"]
[BlackElo "1707"]
[PlyCount "101"]

1. e4 g6 2. d3 Bg7 3. Nd2 d5 4. g3 Nf6 5. Ngf3 O-O 6. Bg2 c6 7. O-O Qb6 8. Re1
e6 9. c3 Nbd7 10. Qc2 Rd8 11. e5 Ng4 12. d4 c5 13. h3 Nh6 14. Nf1 cxd4 15. cxd4
Nf5 16. Rd1 Qc6 17. Qd3 Nb6 18. b3 h6 19. g4 Ne7 20. Ba3 Qe8 21. Rac1 Nc6 22.
Ne3 a6 23. h4 Bf8 24. Bxf8 Qxf8 25. Nc2 Bd7 26. Nh2 Rac8 27. f4 Kg7 28. h5 Nb4
29. Nxb4 Qxb4 30. hxg6 fxg6 31. Nf3 Qf8 32. Qe3 Qf7 33. Rf1 Bb5 34. Rf2 Rxc1+
35. Qxc1 Rc8 36. Qe3 Rf8 37. Nh4 Qe7 38. g5 hxg5 39. fxg5 Rxf2 40. Kxf2 Qf7+
41. Kg3 Nc8 42. a4 Bc6 43. Bf3 Ne7 44. Be2 Nf5+ 45. Nxf5+ gxf5 46. Bf3 Be8 47.
Qf4 Kg8 48. Qh4 Qh7 49. Qxh7+ Kxh7 50. Kf4 Kg7 51. Bd1 1/2-1/2

[Event "Tournoi Skype 025A"]
[Site "Skype"]
[Date "????.??.??"]
[Round "3.21"]
[White "Rajpurohit, Dinesh"]
[Black "Sepulveda, Lyda Marcela"]
[Result "1-0"]
[WhiteElo "153"]
[BlackElo "1683"]
[PlyCount "109"]

1. d4 d5 2. c4 e6 3. Nc3 Nf6 4. cxd5 exd5 5. Bf4 c6 6. e3 Qb6 7. Qc2 Bf5 8.
Qxf5 Qxb2 9. Nd1 Qxa1 10. Qc8+ Ke7 11. Bc7 Qb1 12. Bd8+ Kd6 13. Nf3 Qb4+ 14.
Nd2 Ne4 15. Bc7+ Ke7 16. Qd8+ Ke6 17. Ba5 Qd6 18. Nxe4 Qxd8 19. Bxd8 dxe4 20.
Bc4+ Kd7 21. Ba5 Na6 22. O-O f5 23. f3 Re8 24. fxe4 fxe4 25. Nc3 Nb4 26. Rb1 b5
27. Nxb5 cxb5 28. Bxb5+ Ke6 29. Bxe8 Be7 30. Bxb4 Rxe8 31. Bc5 Bxc5 32. dxc5
Rc8 33. Rc1 Rc6 34. Kf2 Kd5 35. Kg3 g5 36. Kg4 h6 37. Kf5 Rxc5 38. Rxc5+ Kxc5
39. Kxe4 Kc6 40. Kd4 Kd6 41. e4 Ke6 42. g4 a6 43. a4 Kd6 44. e5+ Ke6 45. h3 a5
46. Ke4 Ke7 47. Kf5 Kf7 48. e6+ Ke7 49. Ke5 Ke8 50. Kd6 Kd8 51. Kc6 Ke7 52. Kb5
Kxe6 53. Kxa5 Kd6 54. Kb6 Kd7 55. Kb7 1-0

[Event "Tournoi Skype 025A"]
[Site "Skype"]
[Date "????.??.??"]
[Round "3.22"]
[White "Khetre, Gaurav"]
[Black "Khabou, Taha"]
[Result "0-1"]
[WhiteElo "1677"]
[BlackElo "1394"]
[PlyCount "61"]

1. d4 d5 2. Nf3 e6 3. g3 Nf6 4. Bg2 c5 5. c4 Nc6 6. Qa4 Bd7 7. dxc5 Bxc5 8.
cxd5 Nxd5 9. O-O Ne5 10. Qb3 Nxf3+ 11. Bxf3 Bc6 12. Rd1 Qd7 13. e4 Ba4 14. Rxd5
exd5 15. Qxd5 Qxd5 16. exd5 O-O 17. Nc3 Be8 18. Bf4 Rd8 19. Rd1 Bd6 20. Bg5 f6
21. Be3 b6 22. Ne4 Bf7 23. Nc3 Rfe8 24. h4 Be5 25. Nb5 Bb8 26. a3 Bxg3 27. Bxb6
axb6 28. fxg3 Re3 29. Kf2 Rb3 30. Nd4 Rxb2+ 31. Kg1 0-1

[Event "Tournoi Skype 025A"]
[Site "Skype"]
[Date "????.??.??"]
[Round "3.23"]
[White "Escudero Ocana, Francisco"]
[Black "Vasquez, Oscar"]
[Result "0-1"]
[WhiteElo "1406"]
[BlackElo "1646"]
[PlyCount "132"]

1. e4 c6 2. d4 d5 3. e5 Bf5 4. Nf3 e6 5. Nbd2 c5 6. c3 a6 7. b3 Be7 8. Bb2 Nc6
9. c4 Nb4 10. cxd5 Nc2+ 11. Ke2 Nxa1 12. Bxa1 exd5 13. g3 Nh6 14. Bg2 Be6 15.
Re1 Nf5 16. Kf1 O-O 17. Qc2 Rc8 18. Qd3 Qa5 19. a4 b5 20. axb5 Qxb5 21. Qxb5
axb5 22. dxc5 Rxc5 23. g4 Nh6 24. h3 Rfc8 25. Nd4 b4 26. N2f3 Bd7 27. Ne2 Bb5
28. Bd4 Rc1 29. Nfg1 Rxe1+ 30. Kxe1 Bc6 31. Nf4 Rd8 32. Nf3 Kf8 33. Bf1 Ra8 34.
Bd3 Ra3 35. Bc2 Ra2 36. Kd1 Ng8 37. Bxh7 g6 38. Bxg8 Kxg8 39. g5 Ra5 40. Nd3
Bd7 41. h4 Bg4 42. Ke2 Bxf3+ 43. Kxf3 Ra3 44. Nc1 Kf8 45. Kg4 Ke8 46. f4 Bd8
47. h5 Ra8 48. hxg6 fxg6 49. e6 Kf8 50. f5 gxf5+ 51. Kxf5 Be7 52. Nd3 Rb8 53.
Ne5 Rb7 54. g6 Bd6 55. Nf7 Rb8 56. g7+ Kg8 57. Kg6 Bf4 58. Bf6 Re8 59. e7 d4
60. Nd8 d3 61. Nc6 d2 62. Nxb4 d1=Q 63. Nc6 Qxb3 64. Nd4 Qf7+ 65. Kf5 Bd2 66.
Ke5 Bc3 0-1

[Event "Tournoi Skype 025A"]
[Site "Skype"]
[Date "????.??.??"]
[Round "3.24"]
[White "Aceituno, Stebe"]
[Black "Aravena, Alvaro"]
[Result "0-1"]
[WhiteElo "1513"]
[BlackElo "1643"]
[PlyCount "56"]

1. e4 e5 2. Nf3 d6 3. h3 Be7 4. Bc4 Nf6 5. Nc3 c6 6. O-O O-O 7. d4 exd4 8. Nxd4
Re8 9. Nf5 Bxf5 10. exf5 d5 11. Bd3 Bd6 12. Bg5 Nbd7 13. Qf3 Ne5 14. Qd1 h6 15.
Bh4 Be7 16. Be2 Qd7 17. f4 Nc4 18. b3 Ne3 19. Qd3 Nxf1 20. Rxf1 Bb4 21. Bxf6
gxf6 22. Nd1 Re7 23. Kh1 Rae8 24. Bf3 Re1 25. Nf2 Rxf1+ 26. Qxf1 Qxf5 27. Ng4
Kg7 28. Bd1 Re1 0-1

[Event "Tournoi Skype 025A"]
[Site "Skype"]
[Date "????.??.??"]
[Round "3.25"]
[White "Yeter, Orhan"]
[Black "Calderon, Francisco"]
[Result "0-1"]
[WhiteElo "1638"]
[BlackElo "1516"]
[PlyCount "168"]

1. e4 e5 2. Nf3 Nf6 3. Nxe5 Qe7 4. d4 d6 5. Nf3 Qxe4+ 6. Qe2 Bg4 7. Qxe4+ Nxe4
8. h3 Bxf3 9. gxf3 Nf6 10. Nc3 Nc6 11. Be3 Nb4 12. O-O-O Be7 13. Rg1 g6 14. d5
a5 15. a3 Na6 16. Bb5+ Nd7 17. Bd4 Rg8 18. Rde1 Kd8 19. Ne4 h6 20. f4 Nab8 21.
f5 c6 22. dxc6 bxc6 23. Ba4 d5 24. Nc3 g5 25. Ne2 Bf6 26. Be3 Nf8 27. Nd4 Ra6
28. Nb3 Be7 29. Nc5 Bxc5 30. Bxc5 Nbd7 31. Bd6 Nh7 32. Re7 Rg7 33. Rge1 Nhf6
34. f4 Ne4 35. Be5 Rh7 36. f6 Ndxf6 37. Bxf6 Nxf6 38. Rb7 Nd7 39. c3 Nc5 40.
Bc2 Nxb7 41. Bxh7 gxf4 42. Rf1 c5 43. Rxf4 Nd6 44. Rf6 Ke7 45. Rxh6 Ra8 46. Bc2
Rg8 47. Bd1 Rg1 48. Kc2 Nc4 49. Bf3 Ne3+ 50. Kb3 Rg3 51. Be2 f5 52. Rh7+ Kf6
53. h4 f4 54. Rh8 Kg7 55. Re8 Kf7 56. Re5 Kf6 57. Re8 Nf5 58. Rf8+ Ke5 59. h5
Nd4+ 60. Ka4 Nxe2 61. Re8+ Kf5 62. Rxe2 Rh3 63. Kxa5 Rxh5 64. Kb5 f3 65. Rf2
Kf4 66. a4 Ke3 67. Rxf3+ Kxf3 68. Kxc5 Ke4 69. a5 d4+ 70. Kc4 d3 71. Kb3 Rxa5
72. c4 Ke3 73. Kc3 Ke2 74. b4 Ra8 75. b5 d2 76. b6 d1=Q 77. c5 Qd3+ 78. Kb4
Qa3+ 79. Kc4 Ra4+ 80. Kd5 Qd3+ 81. Kc6 Qa6 82. Kc7 Qa8 83. b7 Qa5+ 84. Kc6 Rb4
0-1

[Event "Tournoi Skype 025A"]
[Site "Skype"]
[Date "????.??.??"]
[Round "3.26"]
[White "Castillo, Jesus"]
[Black "Yardimci, Ertan"]
[Result "0-1"]
[WhiteElo "1661"]
[BlackElo "1577"]
[PlyCount "71"]

1. e4 c6 2. d4 d5 3. Bd3 dxe4 4. Bxe4 Nf6 5. Bf3 Bf5 6. Ne2 Bg4 7. Ng3 Bxf3 8.
gxf3 e6 9. Bf4 Nbd7 10. Nd2 Nd5 11. Be3 c5 12. Nde4 cxd4 13. Bxd4 Be7 14. Bxg7
Rg8 15. Bd4 Nf4 16. Rg1 Nh3 17. Rf1 Nf4 18. Qd2 Ng2+ 19. Kd1 Nh4 20. f4 Nf3 21.
Qd3 Nxd4 22. Qxd4 Nb6 23. Qxd8+ Rxd8+ 24. Kc1 Nd5 25. f5 exf5 26. Nxf5 Bg5+ 27.
Kb1 Bf4 28. c3 Bxh2 29. Kc2 Rg4 30. Rae1 Kf8 31. Rh1 Bf4 32. Rxh7 Kg8 33. Rc1
Bxc1 34. f3 Rg2+ 35. Kxc1 Kxh7 36. Nfd6 0-1